US state trees - Statistics

General Stats
  • This quiz has been taken 77 times
  • The average score is 11 of 50
Answer Stats
State Answer % Correct
North Carolina Pine
75%
New York Sugar Maple
42%
Vermont Sugar Maple
42%
West Virginia Sugar Maple
42%
Wisconsin Sugar Maple
42%
Connecticut White Oak
42%
Illinois White Oak
42%
Maryland White Oak
42%
Oregon Douglas Fir
34%
Texas Pecan
29%
Rhode Island Red Maple
25%
California Giant Sequoia
23%
Maine Eastern White Pine
22%
Michigan Eastern White Pine
22%
Nebraska Eastern White Pine
22%
Alabama Longleaf Pine
22%
Arkansas Loblolly Pine
20%
Montana Ponderosa Pine
20%
Utah Quaking Aspen
20%
Massachusetts American Elm
18%
North Dakota American Elm
18%
Louisiana Bald Cypress
18%
Iowa Bur Oak
18%
Missouri Flowering Dogwood
18%
Virginia Flowering Dogwood
18%
Minnesota Red Pine
18%
Alaska Sitka Spruce
18%
Mississippi Southern Magnolia
17%
Kansas Eastern Cottonwood
15%
Pennsylvania Eastern Hemlock
15%
Washington Eastern Hemlock
15%
Oklahoma Eastern Redbud
15%
Colorado Colorado Blue Spruce
14%
Ohio Ohio Buckeye
14%
Indiana Tulip Tree
14%
Kentucky Tulip Tree
14%
Tennessee Tulip Tree
14%
New Jersey Northern Red Oak
12%
Wyoming Plains Cottonwood
12%
Florida Sabal Palm
12%
South Carolina Sabal Palm
12%
Georgia Southern Live Oak
12%
Idaho Western White Pine
12%
South Dakota Black Hills Spruce
11%
Nevada Single Leaf Pinyon
11%
Delaware American Holly
9%
Arizona Blue Palo Verde
9%
New Mexico Pinon Pine
9%
New Hampshire American White Birch
8%
Hawaii Candlenut Tree
8%
No matching quizzes found
Score Distribution
Percent of People with Each Score
Percentile by Number Answered
Your Score History
You have not taken this quiz